| 000 | 00501nam a2200169Ia 4500 | ||
|---|---|---|---|
| 005 | 20250424120236.0 | ||
| 008 | 250424s9999 xx 000 0 und d | ||
| 022 | _a24087122 | ||
| 050 | _aHG 3931 .F53/ | ||
| 245 | 0 | _aFIDEI journal of management and business studies | |
| 260 | _aNigeria | ||
| 260 | _bSchool of management and business studies(SMBS). | ||
| 260 | _c2015 | ||
| 300 | _a221 p. 28 cm. | ||
| 650 | _a Management--Nigeria--Periodicals. Nigeria--Commerce--Periodicals. | ||
| 942 | _cSR | ||
| 999 |
_c38193 _d38193 |
||